Carlos V y sus banqueros / (Record no. 41215)

MARC details
000 -LEADER
campo de control de longitud fija 00783nam a2200205 i 4500
001 - NÚMERO DE CONTROL
campo de control 41215
003 - IDENTIFICADOR DE NÚMERO DE CONTROL
campo de control ES-MaACL
005 - FECHA Y HORA DE LA ÚLTIMA TRANSACCIÓN
campo de control 20230906160408.0
007 - CAMPO FIJO DE DESCRIPCIÓN FÍSICA--INFORMACIÓN GENERAL
campo de control de longitud fija t|
008 - DATOS DE LONGITUD FIJA--INFORMACIÓN GENERAL
campo de control de longitud fija 030310m19431949sp |||| | spa d
080 ## - NÚMERO DE LA CLASIFICACIÓN DECIMAL UNIVERSAL
Número de la Clasificación Decimal Universal 33(46)"1516/1556"
100 1# - ENTRADA PRINCIPAL--NOMBRE DE PERSONA
Nombre de persona Carande, Ramón.
9 (RLIN) 34952
245 10 - MENCIÓN DEL TÍTULO
Título Carlos V y sus banqueros /
Mención de responsabilidad, etc. Ramón Carande.
260 ## - PUBLICACIÓN, DISTRIBUCIÓN, ETC.
Lugar de publicación, distribución, etc. Madrid :
Nombre del editor, distribuidor, etc. Revista de Occidente,
Fecha de publicación, distribución, etc. 1943-1949 (
Fabricante Galo Sáez)
300 ## - DESCRIPCIÓN FÍSICA
Extensión 2 v. ;
Dimensiones 25 cm.
505 8# - NOTA DE CONTENIDO CON FORMATO
Nota de contenido con formato Contiene: 1. La vida económica de España en una fase de su hegemonía, 1516-1556 (329 p., IX lám.) - 2. La Hacienda Real de Castilla (XVI, 635 p., 2 lám., 3 mapas)
650 14 - PUNTO DE ACCESO ADICIONAL DE MATERIA--TÉRMINO DE MATERIA
Término de materia o nombre geográfico como elemento de entrada Hacienda pública-
Subdivisión geográfica España-
Subdivisión cronológica S.XVI.
9 (RLIN) 13285
651 #4 - PUNTO DE ACCESO ADICIONAL DE MATERIA--NOMBRE GEOGRÁFICO
Nombre geográfico España-
Subdivisión general Situación económica-
Subdivisión cronológica 1516-1556.
9 (RLIN) 167673
852 ## - LOCALIZACIÓN
Ubicación ES-MaACL
Número de control de estantería D-6816-17
Holdings
Estatus retirado Estado de pérdida Estado de daño No para préstamo Biblioteca de origen Biblioteca actual Ubicación en estantería Fecha de adquisición Fuente de adquisición Total de préstamos Signatura topográfica completa Código de barras Visto por última vez Precio de reemplazo Tipo de ítem Koha
        Biblioteca del Ateneo de Madrid Biblioteca del Ateneo de Madrid Sala Valle Inclán 17/01/2008     D-6816-17 901043391 23/02/2023 23/02/2023 Libro impreso